000 00692nam a2200205 i 4500
001 20845
003 ES-MaACL
005 20230906152356.0
007 t|
008 021119s1955 sp ||||1| spa d
100 1 _aAlamilla, J. R.
_919100
245 1 0 _aMales de los pies
_b: manual práctico del callista /
_cpor J.R. Alamilla ; prólogo de Mariano Gómez-Ulla ; epílogo de Jaime Peyri Rocamora.
250 _a2ª ed. corr. y aum.
260 _aMadrid :
_bParaninfo,
_c1955 (
_fC.Y.S.)
300 _aXV, 400 p. :
_bil. ;
_c21 cm.
700 1 _aGómez-Ulla, Mariano.
_9194304
700 1 _aPeyri Rocamora, Jaime.
_9198161
852 _aES-MaACL
_jC-10354
_bR.38443
999 _c20845
_d20845